00445nam a2200145Ia 4500008004100000020001400041245007500055260003100130516002000161650001500181830002600196856005100222942000700273999001900280150121s9999 xx 000 0 und d a1908-8809 aSULÒ‚ :bJournal of Student-Faculty Research /h[electronic resource] bCapitol University,c2007. aElectronic text aEducation. aPhilippine E-Journals uhttp://www.ejournals.ph/index.php?journal=SULO cEJ c277073d277073